00860pam a2200265 a 4500001000500000005001700005020001500022040002300037050001800060082001100078100002100089245009200110250004600202260003600248300005600284505000800340520007900348521002000427521002000447650003300467650001900500650002200519650001300541700004000554308520251020161255.0 a0590439456 aDLCcDLCdDLCbeng00aPZ8.N34b198900a813.541 aNeitzel, Shirley14aThe jacket I wear in the snow /cby Shirley Neitzel ; pictures by Nancy Winslow Parker. aFirst Scholastic printing , December 1990 aNew York :bScholastic , c1989 a30 unnumbered pages :bcolor illustrations ;c24 cm aG  aA young girl names all the clothes that she must wear to play in the snow. a350 bLexile  aG bRaz-Plus  1aClothing and dressxFiction. 1aSnowxFiction. 1aStories in rhyme. 1aRebuses.1 aParker, Nancy Winsloweillustrator